01384nam a2200265 a 4500001001500000003000400015005001700019008004100036020002700077020003000104040000900134082002000143245007100163250001200234260005000246300002100296490004000317520044600357650004300803830004600846856008200892942001200974999001900986952011301005ASIN3848000415OSt20180116192424.0140828s2012 xxu eng d a3848000415 (hardcover) a9783848000418 (hardcover) csada a745.2bMOD 201200aModern living accessories /cFremdkÖrper Studio Andrea Mehlhose. aMul ed. a[S.l.] :bH.F.Ullmann Publishing Gmbh,c2012. a512 p. ;c31 cm.1 aEnglish, french and german edition. aMany of the design objects included in Modern Living Accessories are famous design classics, such as Pietro Chiesa’s vase Cartoccio (1932), or outstanding creations by Finnish designer Tapio Wirkkalas from the late 1960s and early 1970s up to Jaime Hayon’s and his Cristal Candy series (2009) for Baccarat. This comprehensive sourcebook features them beautifully, with full descriptions of their historic relevance and design excellence. aInterior decoration accessories.97781 0aEnglish, french and german edition.97782403Amazon.comuhttp://www.amazon.com/exec/obidos/ASIN/3848000415/chopaconline-20 2ddccBK c354011d354011 00102ddc4070aSADAbSADAd2014-08-27l0o745.2 MOD 2012pSADA0002379r2017-01-05v6472.32w2017-01-05yBK